Multiple parameter stability theory and its applications: bifurcations, catastrophes, instabilities...

Պահպանված է:
Մատենագիտական մանրամասներ
Հիմնական հեղինակ: Huseyin, Koncay (Հեղինակ)
Ձևաչափ: Գիրք
Լեզու:անգլերեն
Հրապարակվել է: Oxford Clarendon Press 1986
Շարք:The Oxford Engineering Science Series, 18
Խորագրեր:
Ցուցիչներ: Ավելացրեք ցուցիչ
Չկան պիտակներ, Եղեք առաջինը, ով նշում է այս գրառումը!

MARC

LEADER 00000nam a2200000 a 4500
001 UCQ9315
003 CL-VaPUC
008 981230e19860000UK |||||||||||||||||eng|d
082 0 4 |a 003  |b HUS  |2 21 
100 0 |a Huseyin, Koncay  |e author  |9 423852 
245 1 0 |a Multiple parameter stability theory and its applications: bifurcations, catastrophes, instabilities... 
300 |a 283 p 
942 |c BK 
945 |d 19981230 00:00:00  |a cmena 
260 |a Oxford  |b Clarendon Press  |c 1986 
650 0 |a Análisis de sistemas   |9 260059 
650 0 |a Teoría de sistemas  |9 260742 
650 7 |a ESTABILIDAD  |2 CL-VaPUC  |9 330601 
583 |a last modification  |c 19981230 00:00:00  |k Rodrigo Vera 
490 0 |a The Oxford Engineering Science Series, 18 
999 |c 278384  |d 278382